000 00447nam a2200181Ia 4500
003 GCL
008 140319s9999 xx 000 0 eng d
040 _aGCL /
_cGCL
082 0 4 _a843
_bS I
100 1 _aSUYIN, HAN
245 1 0 _aS'IL NE RESTE QUE L'AMOUR /
_cSUYIN, HAN
260 _a[S.N] :
_bSTOCK ،
_c1986
300 _a191 P
490 _aLE LIVRE DE POCHE
_v0
650 0 4 _aLITERATURE
650 0 4 _aFRENCH LITERATURE
942 _2ddc
_cBK
999 _c23013
_d23013